000186269 001__ 186269
000186269 005__ 20231015003714.0
000186269 0247_ $$2doi$$a10.1088/0953-4075/49/7/074004
000186269 0247_ $$2ISSN$$a0022-3700
000186269 0247_ $$2ISSN$$a0368-3508
000186269 0247_ $$2ISSN$$a0953-4075
000186269 0247_ $$2ISSN$$a1361-6455
000186269 0247_ $$2WOS$$aWOS:000372911000004
000186269 0247_ $$2altmetric$$aaltmetric:4739322
000186269 037__ $$aGSI-2016-00767
000186269 041__ $$aEnglish
000186269 082__ $$a530
000186269 1001_ $$0P:(DE-HGF)0$$aBernhardt, D.$$b0
000186269 245__ $$aAbsolute rate coefficients for photorecombination of beryllium-like and boron-like silicon ions
000186269 260__ $$aBristol$$bIOP Publ.$$c2016
000186269 3367_ $$00$$2EndNote$$aJournal Article
000186269 3367_ $$2DRIVER$$aarticle
000186269 3367_ $$0PUB:(DE-HGF)16$$2PUB:(DE-HGF)$$aJournal Article$$bjournal$$mjournal$$s1458834725_616
000186269 3367_ $$2BibTeX$$aARTICLE
000186269 500__ $$aDFG, contract no. Schi 378/8-1
000186269 536__ $$0G:(DE-HGF)POF3-6211$$a6211 - Extreme States of Matter: From Cold Ions to Hot Plasmas (POF3-621)$$cPOF3-621$$fPOF III$$x0
000186269 588__ $$aDataset connected to CrossRef
000186269 7001_ $$0P:(DE-HGF)0$$aBecker, A.$$b1
000186269 7001_ $$0P:(DE-Ds200)OR0158$$aBrandau, C.$$b2$$ugsi
000186269 7001_ $$0P:(DE-HGF)0$$aGrieser, M.$$b3
000186269 7001_ $$0P:(DE-HGF)0$$aHahn, M.$$b4
000186269 7001_ $$0P:(DE-HGF)0$$aKrantz, C.$$b5
000186269 7001_ $$0P:(DE-Ds200)OR4470$$aLestinsky, M.$$b6$$ugsi
000186269 7001_ $$0P:(DE-HGF)0$$aNovotný, O.$$b7
000186269 7001_ $$0P:(DE-HGF)0$$aRepnow, R.$$b8
000186269 7001_ $$0P:(DE-HGF)0$$aSavin, D. W.$$b9
000186269 7001_ $$0P:(DE-HGF)0$$aSpruck, K.$$b10
000186269 7001_ $$0P:(DE-HGF)0$$aWolf, A.$$b11
000186269 7001_ $$0P:(DE-HGF)0$$aMüller, A.$$b12
000186269 7001_ $$00000-0002-6166-7138$$aSchippers, S.$$b13$$eCorresponding author
000186269 773__ $$0PERI:(DE-600)1363381-8$$a10.1088/0953-4075/49/7/074004$$gVol. 49, no. 7, p. 074004 -$$n7$$p074004$$tJournal of physics / B$$v49$$x1361-6455$$y2016
000186269 909CO $$ooai:repository.gsi.de:186269$$pVDB
000186269 9101_ $$0I:(DE-Ds200)20121206GSI$$6P:(DE-Ds200)OR0158$$aGSI Helmholtzzentrum für Schwerionenforschung GmbH$$b2$$kGSI
000186269 9101_ $$0I:(DE-Ds200)20121206GSI$$6P:(DE-Ds200)OR4470$$aGSI Helmholtzzentrum für Schwerionenforschung GmbH$$b6$$kGSI
000186269 9131_ $$0G:(DE-HGF)POF3-621$$1G:(DE-HGF)POF3-620$$2G:(DE-HGF)POF3-600$$3G:(DE-HGF)POF3$$4G:(DE-HGF)POF$$9G:(DE-HGF)POF3-6211$$aDE-HGF$$bForschungsbereich Materie$$lVon Materie zu Materialien und Leben$$vIn-house research on the structure, dynamics and function of matter$$x0
000186269 9141_ $$y2016
000186269 915__ $$0StatID:(DE-HGF)0420$$2StatID$$aNationallizenz
000186269 915__ $$0StatID:(DE-HGF)0430$$2StatID$$aNational-Konsortium
000186269 915__ $$0StatID:(DE-HGF)0200$$2StatID$$aDBCoverage$$bSCOPUS
000186269 915__ $$0StatID:(DE-HGF)0100$$2StatID$$aJCR$$bJ PHYS B-AT MOL OPT : 2014
000186269 915__ $$0StatID:(DE-HGF)0300$$2StatID$$aDBCoverage$$bMedline
000186269 915__ $$0StatID:(DE-HGF)0199$$2StatID$$aDBCoverage$$bThomson Reuters Master Journal List
000186269 915__ $$0StatID:(DE-HGF)0110$$2StatID$$aWoS$$bScience Citation Index
000186269 915__ $$0StatID:(DE-HGF)0150$$2StatID$$aDBCoverage$$bWeb of Science Core Collection
000186269 915__ $$0StatID:(DE-HGF)0111$$2StatID$$aWoS$$bScience Citation Index Expanded
000186269 915__ $$0StatID:(DE-HGF)1150$$2StatID$$aDBCoverage$$bCurrent Contents - Physical, Chemical and Earth Sciences
000186269 915__ $$0StatID:(DE-HGF)9900$$2StatID$$aIF < 5
000186269 9201_ $$0I:(DE-Ds200)ATP-20051214OR020$$kATP$$lAtomphysik$$x0
000186269 980__ $$ajournal
000186269 980__ $$aVDB
000186269 980__ $$aI:(DE-Ds200)20110830OR020
000186269 980__ $$aI:(DE-Ds200)ATP-20051214OR020
000186269 980__ $$aUNRESTRICTED